000 00494nam a2200097Ia 4500
008 180130s9999 xx 000 0 und d
245 _cBelardo, Salvatore M.; Kavanagh, Michael J.
_aProject management and human resource management advice for human resource information systems implementation
260 _c2015
300 _aBook title: Human resource information systems : basics, applications, and future directions /--Acession number C17426; pages 210-235
650 _aHUMAN RESOURCE MANAGEMENT
999 _c353668
_d353668